000 00528nam a2200181Ia 4500
008 100920s9999 xx 000 0 und d
082 _b99982
_a--- न 07
100 _aकाळे वैजयंती.
245 _aमदहोश.
260 _bसुकृत प्रकाशन सांगली.
_c2007
300 _a251
_bसाधी
365 _b220
520 _aकादंबरी.
630 _aमदहोश.
650 _aकादंबरी.
730 _aमदहोश.
942 _cBOOK
999 _c740420
_d740417